Datum a čas kvízu
23.5
Celkem bodů
Celkový počet nahraných bodů na tomto kvízu bez doplňovacích otázek.
13.
Pořadí na kvízu
Konečné umístění týmu na tomto kvízu.
Zaznamenané odpovědi
| # | Otázka | Odpověď | Body | Výsledky |
|---|---|---|---|---|
| 1. | Nestává se často, aby Černínsk... | Mahátma Gándhí | 0 | |
| 2. | V předčasných volbách do posla... | Sluha národa | 0 | |
| 3. | V pátek začal v Uherském Hradi... | Letní filmová škola | 1 | |
| 4. | Řetězec supermarketů a hyperma... | Albert/ Ahold | 0 | |
| 5. | Jak se jmenuje 36letý útočník,... | Tomáš Plekanec | 1 | |
| 6. | Anch (též nilský kříž) je egyp... | Koptové | 1 | |
| 7. | Na obrázku vidíme jednoho z ne... | hlavohruď, zadeček | 0.5 | |
| 8. | Český film režiséra Václava Ka... | Křižáček | 0 | |
| 5. | Úsek dálnice D1 poblíž známého... | při svatebním průvodu | 1 | |
| 5. | Jedním z nejznámějších křižník... | Kateřina II. Veliká | 0 |